000 01876cam a2200337 a 4500
001 17067731
003 NUST
005 20240612123158.0
008 111202s2011 maua b 001 0 eng
010 _a 2011275439
020 _a9781608070176 (hbk.)
020 _a1608070174 (hbk.)
040 _aDLC
_cDLC
042 _apcc
050 0 0 _aTK7882.B56
_bM63 2011
082 _a570.15195
_bMOD
100 1 _aModi, Shimon K.
_9123514
245 1 0 _aBiometrics in identity management :
_bconcepts to applications /
_cShimon K. Modi.
260 _aBoston :
_bArtech House,
_cc2011.
300 _axiv, 263 p. :
_bill. ;
_c26 cm.
490 1 _aInformation security and privacy series
504 _aIncludes bibliographical references and index.
505 0 _aCh. 1. Introduction -- Ch. 2. Fundamentals of technical evaluations -- Ch. 3. Fingerprint recognition -- Ch. 4. Face recognition -- Ch. 5. Iris recognition -- Ch. 6. Hand geometry recognition -- Ch. 7. Speaker recognition -- Ch. 8. Vascular pattern recognition -- Ch. 9. Dynamic signature verification -- Ch. 10. Keystroke dynamics, retina, DNA, and gait recognition -- Ch. 11. Multibiometric systems -- Ch. 12. Biometric standards -- Ch. 13. Biometric testing and evaluation programs -- Ch. 14. Designing and deploying biometric systems -- Ch. 15. Biometric system security -- Ch. 16. Privacy concerns in biometric applications.
650 0 _aBiometric identification.
650 0 _aBiometric identification
_xTechnological innovations.
_9123515
650 0 _aIdentification
_xData processing.
_9123516
830 0 _aArtech House information security and privacy series.
_999507
906 _a7
_bcbc
_corigres
_d2
_encip
_f20
_gy-gencatlg
942 _2ddc
_cBK
999 _c609689
_d609689